[Event "Biel MTO op 51st"]
[Site "Biel"]
[Date "2018.07.26"]
[Round "4"]
[White "Arjun Erigaisi"]
[Black "Das Soham"]
[Result "1-0"]
[EventDate "?"]
[WhiteElo "2499"]
[BlackElo "2359"]
[Source "chessbites.com; date by Chess Assistant 21"]
[PlyCount "60"]

1. d4 f5 2. Nf3 Nf6 3. g3 g6 4. Bg2 Bg7 5. O-O O-O 6. b3 d6 7. Bb2 c6 8. c4 Qc7 9. Qc2 a5 10. Nbd2 Na6 11. a3 Re8 12. e4 fxe4 13. Nxe4 Bf5 14. Nxf6+ Bxf6 15. Qd2 Qb6 16. Qe3 Bc2 17. Nd2 e5 18. Rac1 Bf5 19. c5 Qd8 20. d5 Nxc5 21. dxc6 bxc6 22. Bxc6 Nd3 23. Bxe8 Nxc1 24. Bc6 Nd3 25. Ne4 Nxb2 26. Nxf6+ Kg7 27. Ne8+ Kf7 28. Nxd6+ Qxd6 29. Bxa8 Bh3 30. Bg2 1-0

[Event "FSGM July"]
[Site "Budapest HUN"]
[Date "2018.07.17"]
[Round "9.2"]
[White "Rao SV Srinath"]
[Black "Erigaisi Arjun"]
[Result "1/2-1/2"]
[EventDate "2018.07.07"]
[WhiteElo "2355"]
[BlackElo "2499"]
[PlyCount "56"]

1. e4 e6 2. d4 d5 3. Nc3 Bb4 4. e5 c5 5. a3 Bxc3+ 6. bxc3 Qa5 7. Bd2 Qa4 8. h4 Nc6 9. h5 h6 10. Nf3 Nge7 11. Rh4 c4 12. Rf4 Bd7 13. g3 Rf8 14. Bh3 O-O-O 15. Nh4 f6 16. exf6 gxf6 17. Ng6 Nxg6 18. hxg6 Ne7 19. Rh4 Nxg6 20. Rxh6 Rh8 21. Bg2 Rdg8 22. Kf1 b6 23. Ra2 Rxh6 24. Bxh6 Ne7 25. Bf4 Ng6 26. Bh6 Ne7 27. Bf4 Ng6 28. Bh6 1/2-1/2

[Event "FSGM July"]
[Site "Budapest HUN"]
[Date "2018.07.16"]
[Round "8"]
[White "Arjun Erigaisi"]
[Black "Tianqi Wang"]
[Result "1-0"]
[EventDate "2018.07.07"]
[WhiteElo "2499"]
[BlackElo "2332"]
[Source "chessbites.com; date by Chess Assistant 21"]
[PlyCount "64"]

1. c4 Nf6 2. Nc3 e6 3. e4 d5 4. e5 d4 5. exf6 dxc3 6. bxc3 Qxf6 7. Nf3 c5 8. d4 h6 9. Bd3 cxd4 10. cxd4 Bb4+ 11. Bd2 Bxd2+ 12. Qxd2 Nc6 13. Be4 Bd7 14. Rb1 Rb8 15. O-O O-O 16. Qe3 b6 17. d5 exd5 18. cxd5 Ne7 19. Ne5 Rfd8 20. Rbc1 Bb5 21. Rfd1 Ba4 22. Rd4 Be8 23. Rcd1 Kf8 24. Bb1 Rd6 25. Nc4 Rd7 26. d6 Nc6 27. Rf4 Qg5 28. Bf5 Rdd8 29. h4 Qh5 30. Bg4 Qxh4 31. d7 Kg8 32. Nd6 1-0

[Event "FSGM July"]
[Site "Budapest HUN"]
[Date "2018.07.14"]
[Round "7.1"]
[White "Erigaisi Arjun"]
[Black "David Berczes"]
[Result "1-0"]
[EventDate "2018.07.07"]
[WhiteElo "2499"]
[BlackElo "2510"]
[PlyCount "108"]

1. c4 b6 2. Nf3 Bb7 3. g3 g6 4. Bg2 Bg7 5. O-O Nf6 6. d4 O-O 7. d5 Ne4 8. Qc2 f5 9. Nbd2 Nd6 10. e4 Na6 11. Re1 c6 12. dxc6 Bxc6 13. exf5 Nxf5 14. Rb1 Nc5 15. b4 Nd4 16. Nxd4 Bxd4 17. Re2 Bxg2 18. Kxg2 Ne6 19. Nf3 Bg7 20. Bb2 Bxb2 21. Qxb2 Qc7 22. Ne5 Rf5 23. Rd1 Qb7+ 24. Kg1 Ng5 25. h4 Rxe5 26. hxg5 Rxe2 27. Qxe2 Re8 28. Qe5 Qc6 29. Rd4 a6 30. b5 axb5 31. cxb5 Qe6 32. Qxe6+ dxe6 33. Ra4 Kf7 34. Ra6 Rb8 35. Kg2 Ke8 36. Kf3 Kd7 37. a4 Kc7 38. Ra7+ Kd6 39. Ke4 Rc8 40. Kd3 Rb8 41. Kc4 e5 42. Ra6 Rc8+ 43. Kb4 Kd5 44. Rxb6 Rf8 45. a5 Rxf2 46. a6 Ra2 47. Rb7 Kd6 48. a7 e4 49. b6 e3 50. Rc7 Rb2+ 51. Ka5 e2 52. Rc1 Rc2 53. Re1 Ke5 54. Ka6 1-0

[Event "FSGM July"]
[Site "Budapest HUN"]
[Date "2018.07.13"]
[Round "6.5"]
[White "Yevhenii Yelisieiev"]
[Black "Erigaisi Arjun"]
[Result "1-0"]
[EventDate "2018.07.07"]
[WhiteElo "2379"]
[BlackElo "2499"]
[PlyCount "74"]

1. d4 Nf6 2. Nf3 d5 3. c4 e6 4. Nc3 c6 5. g3 dxc4 6. Bg2 b5 7. Ne5 Qb6 8. a4 Bb7 9. O-O a6 10. b3 cxb3 11. Qxb3 Be7 12. Rd1 O-O 13. a5 Qd8 14. Bg5 Nd5 15. Bxe7 Qxe7 16. Ne4 Nd7 17. Nxd7 Qxd7 18. Rac1 Qc7 19. Nc5 Rfd8 20. Rc2 Bc8 21. e4 Ne7 22. Qb4 Bd7 23. f4 Be8 24. Rf2 Ng6 25. Qe1 Nf8 26. e5 Nd7 27. Ne4 Rab8 28. Qb4 c5 29. dxc5 Nf8 30. Rd6 Ng6 31. Rxa6 Rd1+ 32. Rf1 Rxf1+ 33. Kxf1 Ne7 34. Nd6 Bc6 35. Rb6 Ra8 36. Bxc6 Nxc6 37. Qe4 1-0

[Event "FSGM July"]
[Site "Budapest HUN"]
[Date "2018.07.11"]
[Round "5"]
[White "Arjun Erigaisi"]
[Black "Zlatko Ilincic"]
[Result "1-0"]
[EventDate "2018.07.07"]
[WhiteElo "2499"]
[BlackElo "2463"]
[Source "chessbites.com; date by Chess Assistant 21"]
[PlyCount "64"]

1. c4 Nf6 2. Nc3 e5 3. Nf3 Qe7 4. d4 e4 5. Nd2 c5 6. d5 e3 7. fxe3 d6 8. e4 g6 9. Qa4+ Bd7 10. Qb3 b6 11. Nf3 Nxe4 12. Bf4 f6 13. Nxe4 Qxe4 14. e3 Qe7 15. Bd3 Bg7 16. O-O O-O 17. Nd2 Rd8 18. Rae1 Na6 19. Bg3 Nb4 20. Bb1 a5 21. a3 a4 22. Qd1 Na6 23. Ne4 Bf5 24. Rxf5 gxf5 25. Nf2 Nc7 26. Bxf5 Qf7 27. Ne4 Bf8 28. Rf1 Be7 29. Rf4 h5 30. Rh4 Kg7 31. Rxh5 Rh8 32. Qg4+ 1-0

[Event "FSGM July"]
[Site "Budapest HUN"]
[Date "2018.07.10"]
[Round "4.4"]
[White "Attila Czebe"]
[Black "Erigaisi Arjun"]
[Result "1/2-1/2"]
[EventDate "2018.07.07"]
[WhiteElo "2406"]
[BlackElo "2499"]
[PlyCount "106"]

1. Nf3 d5 2. d4 Nf6 3. c4 e6 4. Nc3 c6 5. cxd5 exd5 6. Qc2 g6 7. Bg5 Be7 8. e3 Bf5 9. Bd3 Bxd3 10. Qxd3 O-O 11. O-O Nbd7 12. a3 a5 13. Rac1 Re8 14. Na4 Ne4 15. Bxe7 Qxe7 16. Qc2 h5 17. Nd2 Ndf6 18. Nxe4 Nxe4 19. Nc5 Nxc5 20. Qxc5 a4 21. Rfe1 Qxc5 22. Rxc5 Ra6 23. Re2 Rea8 24. h3 Ra5 25. Rxa5 Rxa5 26. g4 hxg4 27. hxg4 Kg7 28. g5 Ra8 29. Kg2 Rh8 30. Rc2 Rh5 31. f4 f6 32. gxf6+ Kxf6 33. b3 axb3 34. Rb2 Kf5 35. Rxb3 Ke4 36. a4 Rh8 37. Rxb7 Kxe3 38. Rc7 Kxf4 39. Rxc6 g5 40. a5 Rb8 41. Rc2 Ke3 42. a6 Kxd4 43. a7 Ra8 44. Ra2 Kc3 45. Kf3 g4+ 46. Kxg4 d4 47. Kf3 d3 48. Ra6 d2 49. Rc6+ Kd3 50. Rd6+ Kc2 51. Rc6+ Kd1 52. Rc7 Rf8+ 53. Kg2 1/2-1/2

[Event "FSGM July"]
[Site "Budapest HUN"]
[Date "2018.07.09"]
[Round "3"]
[White "Arjun Erigaisi"]
[Black "Van Thanh Nguyen"]
[Result "1-0"]
[EventDate "2018.07.07"]
[WhiteElo "2499"]
[BlackElo "2353"]
[Source "chessbites.com; date by Chess Assistant 21"]
[PlyCount "84"]

1. c4 Nf6 2. Nf3 c6 3. Nc3 d5 4. e3 a6 5. d4 Bf5 6. Qb3 Ra7 7. a4 e6 8. a5 Nbd7 9. Nh4 Bg4 10. h3 Bh5 11. g4 Ne4 12. Nxe4 Qxh4 13. cxd5 exd5 14. gxh5 Qxe4 15. Rg1 Qf5 16. Be2 Qxh3 17. Bd2 Qe6 18. O-O-O g6 19. e4 dxe4 20. Bc4 Qf5 21. Rde1 Be7 22. f3 Qxf3 23. hxg6 hxg6 24. Re3 Qf5 25. Rf1 Qg4 26. Rg3 Qh5 27. Bxf7+ Kd8 28. Qc2 Qh4 29. Rxg6 Rf8 30. Rgg1 Ra8 31. Qb3 Ra7 32. Qe6 Ra8 33. Bh6 Rh8 34. Bf4 Rc8 35. Qxe4 Rf8 36. Be6 Qh5 37. Re1 Qh4 38. Bxd7 Kxd7 39. Qe6+ Kd8 40. Bd6 Bg5+ 41. Kb1 Qxd4 42. Bxf8 1-0

[Event "FSGM July"]
[Site "Budapest HUN"]
[Date "2018.07.08"]
[Round "2.3"]
[White "Meilis Annaberdiev"]
[Black "Erigaisi Arjun"]
[Result "1/2-1/2"]
[EventDate "2018.07.07"]
[WhiteElo "2501"]
[BlackElo "2499"]
[PlyCount "66"]

1. d4 Nf6 2. Bf4 d5 3. e3 c5 4. c3 Nc6 5. Nd2 e6 6. Bd3 Bd6 7. Bg3 e5 8. dxe5 Nxe5 9. Bxe5 Bxe5 10. Ngf3 Bc7 11. Qa4+ Bd7 12. Bb5 a6 13. Bxd7+ Qxd7 14. Qxd7+ Kxd7 15. c4 dxc4 16. Nxc4 b5 17. O-O-O+ Ke6 18. Ng5+ Ke7 19. Nd2 Rhd8 20. Nge4 Ba5 21. Nxf6 Kxf6 22. Ne4+ Ke7 23. g4 c4 24. Kc2 Bb6 25. h4 h6 26. Ng3 Rxd1 27. Rxd1 Rd8 28. Re1 Ke6 29. h5 Kf6 30. Ne4+ Ke5 31. Ng3 Kf6 32. Ne4+ Ke5 33. Ng3 1/2-1/2

[Event "FSGM July"]
[Site "Budapest HUN"]
[Date "2018.07.07"]
[Round "1.4"]
[White "Erigaisi Arjun"]
[Black "Lik Zang Lye"]
[Result "1/2-1/2"]
[EventDate "2018.07.07"]
[WhiteElo "2499"]
[BlackElo "2270"]
[PlyCount "112"]

1. c4 c6 2. Nf3 d5 3. e3 Nf6 4. Nc3 a6 5. b3 Bf5 6. Bb2 e6 7. d4 Nbd7 8. Bd3 Bg6 9. O-O Bb4 10. a3 Bxc3 11. Bxc3 Bxd3 12. Qxd3 Ne4 13. Bb2 O-O 14. Rac1 f5 15. Rc2 Qf6 16. Ne5 Nxe5 17. dxe5 Qh6 18. cxd5 exd5 19. f3 Ng5 20. b4 Ne6 21. f4 Qh4 22. a4 Qd8 23. Bd4 Qe7 24. Rb1 g6 25. Bb6 Qd7 26. Qb3 Rfc8 27. Rbc1 Kh8 28. h3 g5 29. Rf1 Rg8 30. fxg5 Nxg5 31. e6 Nxe6 32. Rxf5 Qg7 33. Rcf2 Rae8 34. Rf7 Qa1+ 35. Rf1 Qe5 36. Qc2 Rg6 37. Rf8+ Rxf8 38. Rxf8+ Kg7 39. Rf2 Qa1+ 40. Rf1 Qe5 41. b5 axb5 42. axb5 d4 43. exd4 Qxb5 44. Bc5 Nxc5 45. dxc5 Qb4 46. Qf5 Qd4+ 47. Kh2 Rf6 48. Qg5+ Kf7 49. Rb1 Qd7 50. Qe5 h6 51. Qb8 Kg6 52. Rxb7 Qd4 53. Qg3+ Kh5 54. Re7 Qg1+ 55. Kxg1 Rf1+ 56. Kxf1 1/2-1/2

[Event "Novi Sad TS 80th"]
[Site "Novi Sad"]
[Date "2018.07.04"]
[Round "7"]
[White "Srivatshav P Rahul"]
[Black "Arjun Erigaisi"]
[Result "0-1"]
[EventDate "?"]
[WhiteElo "2397"]
[BlackElo "2505"]
[Source "chessbites.com; date by Chess Assistant 21"]
[PlyCount "188"]

1. e4 c5 2. d3 g6 3. f4 Bg7 4. Nf3 Nc6 5. g3 d6 6. Bg2 Nf6 7. O-O O-O 8. c3 Rb8 9. a4 a6 10. h3 b5 11. axb5 axb5 12. Be3 c4 13. dxc4 bxc4 14. Nbd2 Rxb2 15. Nxc4 Rb8 16. e5 Ne4 17. Qe1 Be6 18. Ncd2 Nxd2 19. Nxd2 Qd7 20. exd6 Bxh3 21. dxe7 Rfe8 22. Bxh3 Qxh3 23. f5 Nxe7 24. fxg6 hxg6 25. Bf4 Bxc3 26. Bxb8 Bd4+ 27. Rf2 Rxb8 28. Ra3 Nf5 29. Qf1 Qg4 30. Kg2 Re8 31. Rxf5 Re2+ 32. Rf2 Rxf2+ 33. Qxf2 Bxf2 34. Kxf2 Qd4+ 35. Ke2 Kg7 36. Rd3 Qg1 37. Ne4 Qg2+ 38. Nf2 f5 39. Rf3 Kh6 40. Ra3 g5 41. Ra6+ Kg7 42. Ra7+ Kf6 43. Ra6+ Kf7 44. Ra5 Ke6 45. Ra6+ Kd7 46. Ra7+ Ke8 47. Ra5 f4 48. gxf4 g4 49. Ra3 Kf7 50. f5 g3 51. Rf3 Qh2 52. Ke3 Qg1 53. Ke2 Qh2 54. Ke3 g2 55. Nh3 Kf6 56. Kd3 Ke5 57. f6 Qxh3 58. Rxh3 g1=Q 59. Re3+ Kxf6 60. Re4 Kf5 61. Rb4 Qd1+ 62. Kc3 Ke5 63. Rb5+ Ke4 64. Rb4+ Ke3 65. Kc4 Qc2+ 66. Kd5 Qf5+ 67. Kc6 Kd3 68. Rb5 Qe6+ 69. Kc5 Kc3 70. Rb6 Qe5+ 71. Kc6 Kc4 72. Kd7 Kc5 73. Rc6+ Kd5 74. Ra6 Qg7+ 75. Kd8 Kc5 76. Ke8 Kd5 77. Kd8 Qf7 78. Ra5+ Kc6 79. Ra6+ Kb7 80. Re6 Qc7+ 81. Ke8 Kc8 82. Re1 Qd7+ 83. Kf8 Kd8 84. Rg1 Qe7+ 85. Kg8 Ke8 86. Kh8 Qf6+ 87. Kg8 Qf7+ 88. Kh8 Kf8 89. Rg6 Qf4 90. Rg8+ Kf7 91. Rg7+ Kf6 92. Rd7 Qh2+ 93. Kg8 Qg3+ 94. Kh8 Qh3+ 0-1

[Event "Novi Sad TS 80th"]
[Site "Novi Sad"]
[Date "2018.07.03"]
[Round "5"]
[White "Sinisa Drazic"]
[Black "Arjun Erigaisi"]
[Result "0-1"]
[EventDate "?"]
[WhiteElo "2410"]
[BlackElo "2505"]
[Source "chessbites.com; date by Chess Assistant 21"]
[PlyCount "138"]

1. d4 Nf6 2. Bg5 c5 3. c3 e6 4. Nd2 Nc6 5. e3 d5 6. Ngf3 h6 7. Bh4 Be7 8. Bd3 Qb6 9. Rb1 O-O 10. a3 Re8 11. O-O Bd7 12. Qe2 cxd4 13. exd4 Nh7 14. Bg3 Nf8 15. Rfe1 a6 16. h3 Rad8 17. Qd1 Bc8 18. b4 Qa7 19. a4 Bd6 20. Bxd6 Rxd6 21. a5 Qb8 22. Nb3 Qc7 23. Qd2 Rdd8 24. Re2 f6 25. Qe1 Kh8 26. Rc1 e5 27. c4 dxc4 28. Bxc4 Ng6 29. d5 Nce7 30. Bb5 Qd6 31. Bxe8 Rxe8 32. Nc5 Nf4 33. Rd2 Nexd5 34. Rc4 Qf8 35. Qd1 Qg8 36. Qb3 Qh7 37. Kh2 Qg6 38. Nh4 Qh5 39. Qf3 Qxh4 40. Rxd5 Bg4 41. Qxg4 Qxg4 42. hxg4 Nxd5 43. Nxb7 Rb8 44. Rc5 Rxb7 45. Rxd5 Rxb4 46. Kg3 Ra4 47. f3 Kh7 48. Rc5 Kg6 49. Kh3 Kg5 50. Rc7 g6 51. Rc5 h5 52. gxh5 gxh5 53. g3 Ra2 54. Rd5 Kf5 55. Rc5 Ra1 56. Kg2 Ra3 57. Kf2 Ra2+ 58. Kg1 Kg5 59. Kf1 h4 60. f4+ Kg4 61. fxe5 h3 62. Kg1 h2+ 63. Kh1 Kh3 64. Rc1 fxe5 65. g4 Ra3 66. g5 Rg3 67. g6 e4 68. g7 e3 69. Re1 e2 0-1

[Event "Third Saturday 80 2018"]
[Site "Novi Sad SRB"]
[Date "2018.07.02"]
[Round "4.3"]
[White "Erigaisi Arjun"]
[Black "Miroslav Markovic"]
[Result "1-0"]
[EventDate "?"]
[WhiteElo "2505"]
[BlackElo "2470"]
[PlyCount "132"]

1. d4 Nf6 2. c4 Nc6 3. Nf3 e6 4. g3 Bb4+ 5. Bd2 Qe7 6. Nc3 d6 7. Bg2 O-O 8. O-O a5 9. Qc2 h6 10. e4 Bxc3 11. Bxc3 e5 12. d5 Nb4 13. Qe2 Na6 14. Nh4 Nc5 15. f4 Na4 16. Be1 exf4 17. gxf4 Re8 18. e5 dxe5 19. fxe5 Qxe5 20. Qxe5 Rxe5 21. b3 Nc5 22. Bg3 Rh5 23. Rae1 Bd7 24. Kh1 c6 25. Bf3 Rg5 26. Bf4 cxd5 27. Bxg5 hxg5 28. Ng2 dxc4 29. bxc4 g4 30. Bd1 Bc6 31. Kg1 Rd8 32. Bc2 Ne6 33. Rd1 Nd4 34. Kf2 Rd7 35. Bb1 g6 36. Nf4 Kg7 37. Nd5 Bxd5 38. Rxd4 Be6 39. Rxd7 Nxd7 40. Bd3 f5 41. Ke3 Kf6 42. Kd4 b6 43. Be4 Ne5 44. Bd5 Nd7 45. Rb1 f4 46. Bxe6 Kxe6 47. Rb5 f3 48. Ke3 Kd6 49. Kf4 Kc6 50. Kxg4 f2 51. Rb1 Ne5+ 52. Kf4 Nxc4 53. Rf1 b5 54. Rxf2 b4 55. Rg2 a4 56. Rxg6+ Kd5 57. Ra6 Nb2 58. h4 b3 59. axb3 axb3 60. Rb6 Kc4 61. Rxb3 Kxb3 62. h5 Nc4 63. h6 Nd6 64. h7 Nf7 65. Kf5 Kc4 66. Kf6 1-0

[Event "Novi Sad TS 80th"]
[Site "Novi Sad"]
[Date "2018.07.02"]
[Round "3"]
[White "Bodda Pratyusha"]
[Black "Arjun Erigaisi"]
[Result "0-1"]
[EventDate "?"]
[WhiteElo "2269"]
[BlackElo "2505"]
[Source "chessbites.com; date by Chess Assistant 21"]
[PlyCount "132"]

1. e4 e6 2. d4 d5 3. Nc3 Bb4 4. e5 c5 5. a3 Bxc3+ 6. bxc3 Qa5 7. Bd2 Qa4 8. Nf3 Nc6 9. Qb1 c4 10. Be2 b6 11. O-O Bd7 12. Nh4 O-O-O 13. f4 f6 14. Ra2 Nge7 15. Qe1 h6 16. exf6 gxf6 17. Bg4 Nf5 18. Nxf5 exf5 19. Bh5 Rh7 20. Qh4 Rf8 21. Re1 Kc7 22. Re2 Ne7 23. Qe1 Nc8 24. Bf3 Qa5 25. Qb1 Nd6 26. Qb4 Kc6 27. Be1 Rff7 28. Bh4 Qxb4 29. axb4 Nb5 30. Be1 Re7 31. Bd2 Rxe2 32. Bxe2 Rh8 33. Kf2 Ra8 34. Ke1 a5 35. g3 Be8 36. Kd1 Bf7 37. Bf3 h5 38. Ra1 Kb7 39. bxa5 bxa5 40. Kc1 Nd6 41. Kb2 Ne4 42. Bxe4 fxe4 43. Rg1 Rg8 44. Be3 Be8 45. Ka3 Bd7 46. Bf2 Kc7 47. Rb1 Rb8 48. Rf1 Bh3 49. Re1 Kd6 50. Ka2 Ke6 51. Re3 Kf5 52. Be1 Bf1 53. h4 Kg4 54. Ka1 Bg2 55. Bf2 f5 56. Ka2 Rb7 57. Ka1 Bf3 58. Re1 Kh3 59. Rg1 Re7 60. Be3 Bg2 61. Kb2 Kxg3 62. Ka3 Rb7 63. Ka2 Rg7 64. Ka3 Kxh4 65. Ka4 Kg3 66. Kxa5 h4 0-1

[Event "Novi Sad TS 80th"]
[Site "Novi Sad"]
[Date "2018.07.01"]
[Round "2"]
[White "Arjun Erigaisi"]
[Black "Shunkai Peng"]
[Result "1-0"]
[EventDate "?"]
[WhiteElo "2505"]
[BlackElo "2390"]
[Source "chessbites.com; date by Chess Assistant 21"]
[PlyCount "124"]

1. c4 e6 2. Nc3 d5 3. d4 Nf6 4. cxd5 exd5 5. Bg5 Be7 6. e3 c6 7. Bd3 Ne4 8. Bf4 Nxc3 9. bxc3 Bd6 10. Ne2 O-O 11. Qc2 h6 12. O-O Re8 13. Rab1 Qe7 14. c4 dxc4 15. Bxc4 Bxf4 16. Nxf4 Nd7 17. a4 a5 18. Rfe1 Nf8 19. Qb3 Qc7 20. Nd3 Re7 21. Qa3 Bf5 22. Rb2 Rae8 23. Qc5 Bxd3 24. Bxd3 Ne6 25. Qc3 Nf4 26. Bc4 Nd5 27. Bxd5 cxd5 28. Rc1 Rc8 29. Qxc7 Rexc7 30. Rxc7 Rxc7 31. g3 Kf8 32. Rb5 b6 33. Rxb6 Rc4 34. Rb5 Rxa4 35. Rxd5 Ra2 36. Rd7 a4 37. Kg2 a3 38. Ra7 g6 39. Kf3 Kg7 40. e4 Kf6 41. Ra6+ Ke7 42. e5 h5 43. d5 Rd2 44. Ra7+ Ke8 45. d6 a2 46. Ke3 Rb2 47. h3 Rc2 48. f3 Rb2 49. g4 h4 50. f4 Rb3+ 51. Ke4 Rb4+ 52. Kd5 Rxf4 53. Rxa2 Rf3 54. Ra8+ Kd7 55. Rf8 Rf1 56. Rxf7+ Rxf7 57. e6+ Ke8 58. exf7+ Kxf7 59. d7 Ke7 60. Kc6 Kd8 61. g5 Ke7 62. Kc7 1-0

[Event "Yerevan Asrian Memorial 11th"]
[Site "Yerevan"]
[Date "2018.06.25"]
[Round "5"]
[White "Anna M Sargsyan"]
[Black "Arjun Erigaisi"]
[Result "0-1"]
[EventDate "?"]
[WhiteElo "2323"]
[BlackElo "2505"]
[Source "chessbites.com; date by Chess Assistant 21"]
[PlyCount "46"]

1. d4 Nf6 2. Nf3 g6 3. c4 Bg7 4. g3 O-O 5. Bg2 d6 6. Nc3 Nc6 7. O-O Bf5 8. Ne1 a6 9. e4 Bd7 10. h3 Rb8 11. a4 e5 12. d5 Nd4 13. f4 Nh5 14. Kh2 exf4 15. g4 Be5 16. Nd3 f3+ 17. Nxe5 fxg2 18. Nxd7 gxf1=Q 19. Qxf1 Qxd7 20. gxh5 f5 21. Bh6 fxe4 22. Bxf8 Rxf8 23. Qg2 e3 0-1

[Event "Yerevan Asrian Memorial 11th"]
[Site "Yerevan"]
[Date "2018.06.24"]
[Round "4"]
[White "Arjun Erigaisi"]
[Black "Armenak Yegiazaryan"]
[Result "1-0"]
[EventDate "?"]
[WhiteElo "2505"]
[BlackElo "2365"]
[Source "chessbites.com; date by Chess Assistant 21"]
[PlyCount "112"]

1. Nf3 d5 2. c4 c6 3. e3 Nf6 4. b3 Bf5 5. Bb2 e6 6. Be2 h6 7. h3 Bd6 8. d4 O-O 9. Nbd2 a5 10. a3 Nbd7 11. O-O Ne4 12. Ne5 Nxd2 13. Qxd2 Bxe5 14. dxe5 Nc5 15. Qc3 Qb6 16. b4 Na4 17. Qb3 axb4 18. axb4 dxc4 19. Bxc4 Nxb2 20. Qxb2 Rxa1 21. Rxa1 Rd8 22. Qc3 Rd7 23. Ra8+ Rd8 24. Ra1 Rd7 25. Be2 Qd8 26. Bf3 Rd2 27. Qc5 Rc2 28. Qd6 Rd2 29. Qxd8+ Rxd8 30. Ra7 Rb8 31. e4 Bg6 32. Kf1 Kf8 33. Ke2 f6 34. exf6 gxf6 35. Ke3 e5 36. Be2 Bf7 37. f4 exf4+ 38. Kxf4 Bg6 39. Bf3 Bf7 40. e5 Kg7 41. Kf5 Bg6+ 42. Ke6 Bf7+ 43. Kd6 fxe5 44. Kxe5 Re8+ 45. Kd6 Re6+ 46. Kc7 Kf6 47. Rxb7 Be8 48. Rb6 Re7+ 49. Kd8 Re6 50. b5 cxb5 51. Rxe6+ Kxe6 52. Kxe8 b4 53. Bd1 Kf6 54. Kf8 Kg5 55. g3 h5 56. h4+ 1-0

[Event "Mumbai Mayors Cup 11th"]
[Site "Mumbai"]
[Date "2018.06.10"]
[Round "10"]
[White "Arjun Erigaisi"]
[Black "S S Manigandan"]
[Result "1-0"]
[EventDate "?"]
[WhiteElo "2505"]
[BlackElo "2216"]
[Source "chessbites.com; date by Chess Assistant 21"]
[PlyCount "54"]

1. d4 Nf6 2. c4 g6 3. Nc3 d5 4. Nf3 Bg7 5. h4 c5 6. dxc5 Qa5 7. cxd5 Nxd5 8. Qxd5 Bxc3+ 9. Bd2 Bxd2+ 10. Qxd2 Qxd2+ 11. Nxd2 Be6 12. a3 a5 13. Rc1 O-O 14. g3 Na6 15. Bg2 Rab8 16. Nc4 Bxc4 17. Rxc4 Rfc8 18. b4 b5 19. Re4 axb4 20. axb4 f5 21. Rxe7 Nxb4 22. O-O Na6 23. Ra1 b4 24. Rxa6 b3 25. Bd5+ Kf8 26. Rf7+ Ke8 27. Bxb3 1-0

[Event "Mumbai Mayors Cup 11th"]
[Site "Mumbai"]
[Date "2018.06.05"]
[Round "4"]
[White "Arjun Erigaisi"]
[Black "Sohan Phadke"]
[Result "1-0"]
[EventDate "?"]
[WhiteElo "2505"]
[BlackElo "2222"]
[Source "chessbites.com; date by Chess Assistant 21"]
[PlyCount "50"]

1. d4 f5 2. Bg5 h6 3. Bh4 g5 4. e3 Nf6 5. Bg3 d6 6. Nc3 Nc6 7. h4 Rg8 8. hxg5 hxg5 9. d5 Ne5 10. Bb5+ Bd7 11. Nge2 Bxb5 12. Nxb5 Qd7 13. Nbd4 Nxd5 14. Nxf5 Nf6 15. Bxe5 Qxf5 16. Bxf6 Qxf6 17. Qd5 Qxb2 18. O-O Rh8 19. Nd4 c6 20. Qxg5 O-O-O 21. Qf5+ Rd7 22. Rab1 Qxa2 23. Rb3 c5 24. Rfb1 b6 25. Qd5 1-0

[Event "Mumbai Mayors Cup 11th"]
[Site "Mumbai"]
[Date "2018.06.04"]
[Round "2"]
[White "Arjun Erigaisi"]
[Black "Raset Ziatdinov"]
[Result "1-0"]
[EventDate "?"]
[WhiteElo "2505"]
[BlackElo "2281"]
[Source "chessbites.com; date by Chess Assistant 21"]
[PlyCount "92"]

1. c4 e5 2. Nc3 Nc6 3. Nf3 f5 4. d3 Nf6 5. g3 Be7 6. Bg2 O-O 7. O-O Qe8 8. Nd5 Bd8 9. Bg5 d6 10. Bxf6 gxf6 11. Nh4 f4 12. gxf4 Qh5 13. Nf3 Kh8 14. Kh1 Rg8 15. Rg1 Bg4 16. Ne3 f5 17. fxe5 dxe5 18. Nxg4 Rxg4 19. Nd2 Rh4 20. Nf1 Qh6 21. e3 Bg5 22. Bd5 Ne7 23. Bxb7 Rb8 24. Bf3 Rxb2 25. Rg2 Rh3 26. Be2 Qc6 27. Rb1 Rxa2 28. f4 exf4 29. exf4 Ng6 30. d4 Bxf4 31. Ra1 Rd2 32. Qe1 Nh4 33. d5 Nxg2 34. Qxd2 Qf6 35. Qb4 Ne3 36. Ra3 Kg7 37. Qa4 Qe7 38. c5 Bg5 39. Qd4+ Qf6 40. Qxf6+ Kxf6 41. d6 cxd6 42. c6 Ng4 43. Rxh3 Nf2+ 44. Kg2 Nxh3 45. c7 Nf4+ 46. Kf3 1-0

[Event "Mumbai Mayors Cup 11th"]
[Site "Mumbai"]
[Date "2018.06.04"]
[Round "3"]
[White "Sanjeev Nair"]
[Black "Arjun Erigaisi"]
[Result "0-1"]
[EventDate "?"]
[WhiteElo "1915"]
[BlackElo "2505"]
[Source "chessbites.com; date by Chess Assistant 21"]
[PlyCount "98"]

1. e4 c5 2. Nf3 e6 3. d4 cxd4 4. Nxd4 a6 5. Nc3 Qc7 6. g3 Bb4 7. Bd2 Nc6 8. Nde2 Bc5 9. Bg2 b5 10. O-O Bb7 11. Nf4 d6 12. Qg4 g6 13. Rae1 Ne5 14. Qe2 Nc4 15. Bc1 Bd4 16. Qd3 Bg7 17. Nfe2 Nf6 18. h3 Rc8 19. f4 Nd7 20. b4 O-O 21. Kh2 Qb6 22. Nd1 a5 23. a3 Rc7 24. Be3 Nxe3 25. Nxe3 axb4 26. axb4 h5 27. Rd1 Rfc8 28. Rfe1 Bf8 29. Qd4 e5 30. Qd3 Bh6 31. Rf1 Nf6 32. c3 h4 33. fxe5 hxg3+ 34. Kh1 dxe5 35. Nd5 Nxd5 36. exd5 Bf4 37. Nxf4 Rxc3 38. Qe2 exf4 39. Rxf4 Qd6 40. Qf1 f5 41. Rfd4 R3c4 42. R4d3 Re8 43. Qf3 f4 44. Qf1 Rc2 45. R3d2 Rxd2 46. Rxd2 Qxb4 47. Rd1 Qc4 48. Qxc4 bxc4 49. Rb1 c3 0-1

[Event "Mumbai Mayors Cup 11th"]
[Site "Mumbai"]
[Date "2018.06.03"]
[Round "1"]
[White "K V Shantharam"]
[Black "Arjun Erigaisi"]
[Result "0-1"]
[EventDate "?"]
[WhiteElo "2168"]
[BlackElo "2505"]
[Source "chessbites.com; date by Chess Assistant 21"]
[PlyCount "68"]

1. d4 Nf6 2. Bf4 g6 3. e3 Bg7 4. Nf3 d6 5. Be2 O-O 6. O-O Nbd7 7. c4 Re8 8. Nc3 b6 9. b4 Bb7 10. Qb3 e5 11. Bg3 exd4 12. Nxd4 a5 13. a3 Ne4 14. Nxe4 Bxe4 15. Rad1 h5 16. h3 h4 17. Bf4 Be5 18. Bxe5 Nxe5 19. f3 Bb7 20. e4 Qf6 21. Nb5 Re7 22. f4 Nc6 23. c5 Rxe4 24. Bf3 Rxf4 25. cxd6 cxd6 26. Nxd6 Nd4 27. Bxb7 Nxb3 28. Rxf4 Qxf4 29. Bxa8 Nd4 30. Ne4 axb4 31. axb4 Kg7 32. Kh1 Ne2 33. b5 Qe5 34. Rf1 f5 0-1

[Event "Kolkata Open"]
[Site "Kolkata IND"]
[Date "2018.05.22"]
[Round "9.2"]
[White "Nigel Short"]
[Black "Arjun Erigaisi"]
[Result "1/2-1/2"]
[EventDate "2018.05.14"]
[WhiteElo "2656"]
[BlackElo "2488"]
[PlyCount "78"]

1. Nf3 d5 2. g3 Bg4 3. Bg2 Nd7 4. c4 e6 5. cxd5 exd5 6. h3 Bh5 7. Nc3 c6 8. O-O Ngf6 9. d3 Bd6 10. Be3 O-O 11. Qd2 Re8 12. Rfe1 Nf8 13. Rac1 Bc7 14. Na4 Ne6 15. Nd4 Nd7 16. b4 a6 17. a3 Bg6 18. Nxe6 Rxe6 19. Bd4 h5 20. Rb1 b5 21. Nc3 Bb6 22. Bxb6 Qxb6 23. Rbc1 Rae8 24. e4 dxe4 25. dxe4 Ne5 26. Qe3 Qxe3 27. Rxe3 Nc4 28. Re2 f5 29. exf5 Bxf5 30. Rxe6 Rxe6 31. a4 Ne5 32. axb5 axb5 33. Na2 Kf8 34. Rc5 g6 35. Nc1 Ke7 36. Nb3 Nd3 37. Rxc6 Rxc6 38. Bxc6 Nxb4 39. Bxb5 Bxh3 1/2-1/2

[Event "Kolkata Open"]
[Site "Kolkata IND"]
[Date "2018.05.21"]
[Round "8.6"]
[White "Arjun Erigaisi"]
[Black "Babu M R Lalith"]
[Result "1-0"]
[EventDate "2018.05.14"]
[WhiteElo "2488"]
[BlackElo "2531"]
[PlyCount "45"]

1. d4 Nf6 2. Bg5 c5 3. d5 Qb6 4. Nc3 h6 5. Bd2 d6 6. e4 e5 7. dxe6 Bxe6 8. Nge2 Nc6 9. Nf4 O-O-O 10. Bd3 g5 11. Nfd5 Bxd5 12. Nxd5 Nxd5 13. exd5 Re8+ 14. Be3 Ne7 15. Qf3 Bg7 16. O-O Rhf8 17. h4 f5 18. hxg5 hxg5 19. Bxg5 Qxb2 20. Rab1 Qc3 21. Rb3 Qe5 22. Bb5 f4 23. Qh3+ 1-0